000 007270000a22002170004500
090 _aAS
_bSERIADAS
245 1 0 _aPeces marinos y estuarinos de Bahía Málaga, Valle del Cauca, Pacífico Colombiano
651 4 _pColombia
_dValle del Cauca
_lBahía Málaga
_992749
690 _aPeces
_992349
690 _aInventarios de peces
_997463
690 _aListados de especies
_9100426
041 0 _aEspañol
041 0 _aInglés
044 _aColombia
700 1 _aCaicedo Pantoja, Julián Alejandro
_9100427
700 1 _aMejía Ladino, Luz Marina
_944793
700 1 _aRubio, Efraín
_9100428
100 1 _aCastellanos Galindo, Gustavo Adolfo
_9100421
942 _cARTICULO
773 1 _tBiota Colombiana
_h2
_q263-282
_d2006
_g7
999 _c16239
_d16239